[Event "Kidlington op 43rd"]
[Site "Kidlington"]
[Date "2020.02.02"]
[Round "5"]
[White "Peters, Stephen G"]
[Black "White, Stuart A"]
[Result "0-1"]
[WhiteElo "196"]
[BlackElo "203"]
[PlyCount "78"]
[EventDate "2020.02.01"]
[EventType "swiss"]
[EventRounds "5"]
[EventCountry "ENG"]
[SourceTitle "EXT 2021"]
[Source "ChessBase"]
[SourceDate "2020.10.23"]
[SourceVersion "1"]
[SourceVersionDate "2020.10.23"]
[SourceQuality "1"]

1. e4 c5 2. Nf3 d6 3. d4 cxd4 4. Nxd4 Nf6 5. Nc3 a6 6. Bg5 e6 7. f4 h6 8. Bh4 Qb6 9. Qd2 Qxb2 10. Rb1 Qa3 11. Bxf6 gxf6 12. Be2 h5 13. 0-0 Qa5 14. Kh1 Nc6 15. Qd3 Nxd4 16. Qxd4 Be7 17. f5 Qc5 18. Qd2 b5 19. fxe6 fxe6 20. e5 f5 21. exd6 Qxd6 22. Qe3 Bd7 23. Rfd1 Qc5 24. Qh3 h4 25. Rd3 Bc6 26. Bf3 Rd8 27. Rxd8+ Kxd8 28. Bxc6 Qxc6 29. Qe3 Rg8 30. Rd1+ Ke8 31. Qe2 Qxc3 32. Qxe6 Qg7 33. Qc8+ Kf7 34. Qxf5+ Qf6 35. Qd5+ Kg7 36. Qd7 Rf8 37. Rg1 Rf7 38. Qd5 Bd6 39. Qh5 Qf4 0-1

[Event "Kidlington op 43rd"]
[Site "Kidlington"]
[Date "2020.02.01"]
[Round "3"]
[White "Peters, Stephen G"]
[Black "Greet, Andrew"]
[Result "0-1"]
[WhiteElo "196"]
[BlackElo "226"]
[PlyCount "48"]
[EventDate "2020.02.01"]
[EventType "swiss"]
[EventRounds "5"]
[EventCountry "ENG"]
[SourceTitle "CBM 195 Extra"]
[Source "ChessBase"]
[SourceDate "2020.05.31"]
[SourceVersion "1"]
[SourceVersionDate "2020.05.31"]
[SourceQuality "1"]

1. d4 Nf6 2. c4 e6 3. Nc3 Bb4 4. e3 d5 5. Bd3 e5 6. cxd5 Qxd5 7. f3 exd4 8. exd4 0-0 9. Be3 Re8 10. Kf2 Qd8 11. Nge2 Nc6 12. a3 Ba5 13. Re1 Nd5 14. Bd2 Bb6 15. Nxd5 Qxd5 16. Kg1 Bf5 17. Bc3 Rad8 18. Qc2 Bxd3 19. Qxd3 Ne5 20. Qe4 Qxe4 21. fxe4 Ng4 22. Ng3 Bxd4+ 23. Bxd4 Rxd4 24. Rad1 Rxd1 0-1

[Event "Paignton op"]
[Site "Paignton"]
[Date "2019.09.07"]
[Round "9"]
[White "Peters, Stephen G"]
[Black "Menadue, Jeremy FS"]
[Result "1/2-1/2"]
[WhiteElo "2027"]
[BlackElo "2016"]
[PlyCount "22"]
[EventDate "2019.08.31"]
[EventType "swiss"]
[EventRounds "9"]
[EventCountry "ENG"]
[SourceTitle "EXT 2020"]
[Source "ChessBase"]
[SourceDate "2019.10.17"]
[SourceVersion "1"]
[SourceVersionDate "2019.10.17"]
[SourceQuality "1"]

1. d4 d5 2. c4 c6 3. Nc3 Nf6 4. Nf3 dxc4 5. a4 a5 6. e3 Bg4 7. Bxc4 e6 8. h3 Bh5 9. 0-0 Bb4 10. Qe2 Nbd7 11. Rd1 Qc7 1/2-1/2

[Event "Paignton op"]
[Site "Paignton"]
[Date "2019.09.03"]
[Round "5"]
[White "Peters, Stephen G"]
[Black "Villiers, Thomas"]
[Result "0-1"]
[WhiteElo "2027"]
[BlackElo "2218"]
[PlyCount "98"]
[EventDate "2019.08.31"]
[EventType "swiss"]
[EventRounds "9"]
[EventCountry "ENG"]
[SourceTitle "EXT 2020"]
[Source "ChessBase"]
[SourceDate "2019.10.17"]
[SourceVersion "1"]
[SourceVersionDate "2019.10.17"]
[SourceQuality "1"]

1. d4 Nf6 2. c4 e5 3. dxe5 Ng4 4. Bf4 g5 5. Bg3 Bg7 6. Nf3 Nc6 7. e3 Ngxe5 8. Nxe5 Nxe5 9. h4 g4 10. h5 d6 11. h6 Bf6 12. Qc2 Be6 13. Nd2 Qd7 14. Ne4 Be7 15. c5 Bf5 16. Rh5 Bg6 17. Bxe5 dxe5 18. Rxe5 0-0-0 19. Be2 f6 20. Rd1 Qe8 21. Bxg4+ Kb8 22. Red5 Rxd5 23. Rxd5 c6 24. Rd7 f5 25. Qc3 Qxd7 26. Qxh8+ Qd8 27. Qe5+ Qc7 28. Qh8+ Bd8 29. Bxf5 Bxf5 30. Qd4 Be7 31. Qh8+ Bd8 32. Qd4 a6 33. b4 Qe7 34. Nd6 Be6 35. a3 Qf6 36. f4 Qxd4 37. exd4 Be7 38. Ne4 Bf8 39. Nf6 Bxh6 40. g3 Bg7 41. Nxh7 Bxd4 42. Ng5 Bg4 43. Ne4 Bb2 44. Kd2 Bxa3 45. Kc3 Bc1 46. Kc2 Be3 47. Kd3 Bg1 48. Nd6 Bh2 49. Ne4 Bf5 0-1

[Event "Thanet op-B 50th"]
[Site "Margate"]
[Date "2019.08.17"]
[Round "2"]
[White "Atherton, John"]
[Black "Peters, Stephen G"]
[Result "1/2-1/2"]
[WhiteElo "1862"]
[BlackElo "2027"]
[PlyCount "105"]
[EventDate "2019.08.16"]
[EventType "swiss"]
[EventRounds "5"]
[EventCountry "ENG"]
[SourceTitle "EXT 2024"]
[Source "ChessBase"]
[SourceDate "2023.10.10"]
[SourceVersion "1"]
[SourceVersionDate "2023.10.10"]
[SourceQuality "1"]

1. d4 Nf6 2. c4 g6 3. Nc3 Bg7 4. e4 d6 5. f4 0-0 6. Nf3 Bg4 7. Be2 Nbd7 8. e5 Ne8 9. 0-0 c5 10. dxc5 dxe5 11. Nxe5 Bxe2 12. Qxe2 Nxe5 13. fxe5 Qd4+ 14. Kh1 Qxe5 15. Qxe5 Bxe5 16. Bg5 f6 17. Bh6 Ng7 18. Nd5 e6 19. Nf4 Rfe8 20. Bxg7 Kxg7 21. Rad1 Kf7 22. g3 Rad8 23. b4 g5 24. Nd3 Bc7 25. b5 Rd4 26. b6 axb6 27. cxb6 Bxb6 28. Rb1 Rxd3 29. Rxb6 Re7 30. Rfb1 Rdd7 31. a4 Rc7 32. a5 Rxc4 33. Rxb7 Ra4 34. Rxe7+ Kxe7 35. Rb7+ Kd6 36. Rxh7 Rxa5 37. h4 gxh4 38. gxh4 e5 39. Kg2 e4 40. Kf2 Ke5 41. h5 Kf4 42. Rf7 Ra2+ 43. Kf1 f5 44. h6 Rh2 45. h7 e3 46. Kg1 Rh5 47. Kf1 Kg5 48. Ke2 f4 49. Kf3 Rh3+ 50. Kg2 Rh6 51. Kf3 Rh3+ 52. Kg2 Rh6 53. Kf3 1/2-1/2

[Event "London Classic op"]
[Site "London"]
[Date "2017.12.02"]
[Round "1"]
[White "Peters, Stephen G"]
[Black "Nihal, Sarin"]
[Result "0-1"]
[WhiteElo "2050"]
[BlackElo "2507"]
[PlyCount "56"]
[EventDate "2017.12.02"]
[EventType "swiss"]
[EventRounds "9"]
[EventCountry "ENG"]
[SourceTitle "CBM 182 Extra"]
[Source "ChessBase"]
[SourceDate "2018.02.23"]
[SourceVersion "1"]
[SourceVersionDate "2018.02.23"]
[SourceQuality "1"]

1. d4 Nf6 2. c4 c5 3. d5 b5 4. cxb5 a6 5. b6 d6 6. Nc3 Nbd7 7. e4 Rb8 8. Nf3 g6 9. a4 Rxb6 10. Nd2 Bg7 11. Be2 0-0 12. 0-0 Rb4 13. h3 g5 14. Nc4 Nb6 15. Nxb6 Qxb6 16. a5 Qb7 17. Qc2 h6 18. Ra2 Bd7 19. Re1 e6 20. Rd1 exd5 21. exd5 Re8 22. Bf3 Qc8 23. Bd2 Bxh3 24. Ne2 g4 25. Bxb4 gxf3 26. gxf3 cxb4 27. Qd3 Nxd5 28. Qxd5 Be6 0-1

[Event "London Classic op 8th"]
[Site "London"]
[Date "2016.12.14"]
[Round "7"]
[White "Ratnesan, Ranesh"]
[Black "Peters, Stephen G"]
[Result "0-1"]
[WhiteElo "1875"]
[BlackElo "2128"]
[PlyCount "120"]
[EventDate "2016.12.09"]
[EventType "swiss"]
[EventRounds "9"]
[EventCountry "ENG"]
[SourceTitle "CBM 176 Extra"]
[Source "ChessBase"]
[SourceDate "2017.03.02"]
[SourceVersion "1"]
[SourceVersionDate "2017.03.02"]
[SourceQuality "1"]

1. Nf3 d5 2. g3 Nf6 3. c4 e6 4. b3 Be7 5. Bb2 0-0 6. Bg2 c5 7. 0-0 Nc6 8. e3 b6 9. Qe2 Bb7 10. Rd1 Qc7 11. Nc3 Rad8 12. Rac1 Qb8 13. d4 dxc4 14. bxc4 Na5 15. Rc2 cxd4 16. exd4 Rc8 17. Nb5 Be4 18. Rcc1 Qb7 19. d5 exd5 20. Bxf6 gxf6 21. cxd5 Bxd5 22. Rxc8 Rxc8 23. Nbd4 Be4 24. Re1 f5 25. Nxf5 Bxf5 26. Nd4 Qd7 27. Nxf5 Qxf5 28. Qxe7 Rc2 29. Qe8+ Kg7 30. Qe3 Rxa2 31. Be4 Qf6 32. Bd3 Nc6 33. Re2 Rxe2 34. Qxe2 Qd4 35. Bc2 Ne5 36. Qh5 Ng6 37. Qf5 Qe5 38. Qf3 b5 39. h4 h5 40. Bb3 Nh8 41. g4 Qf6 42. Qe3 Qxh4 43. Qe5+ Qf6 44. Qxh5 a6 45. Bc2 Ng6 46. g5 Qe6 47. Bxg6 Qxg6 48. Qg4 Qe6 49. Qd4+ Kg6 50. f4 Kf5 51. Qd2 Qc4 52. Qd6 Qxf4 53. Qxa6 Qd4+ 54. Kh2 Qe5+ 55. Kg1 Kxg5 56. Qb7 f6 57. Qg7+ Kf4 58. Qb7 Qe1+ 59. Kh2 Qf2+ 60. Kh1 Qf3+ 0-1

[Event "London Classic op 8th"]
[Site "London"]
[Date "2016.12.12"]
[Round "5"]
[White "Roebuck, Derek"]
[Black "Peters, Stephen G"]
[Result "1/2-1/2"]
[WhiteElo "1653"]
[BlackElo "2128"]
[PlyCount "29"]
[EventDate "2016.12.09"]
[EventType "swiss"]
[EventRounds "9"]
[EventCountry "ENG"]
[SourceTitle "CBM 176 Extra"]
[Source "ChessBase"]
[SourceDate "2017.03.02"]
[SourceVersion "1"]
[SourceVersionDate "2017.03.02"]
[SourceQuality "1"]

1. e4 e5 2. f4 exf4 3. Nf3 Nf6 4. Nc3 d5 5. exd5 Nxd5 6. Bc4 c6 7. 0-0 Be7 8. d4 0-0 9. Nxd5 cxd5 10. Bb3 Nc6 11. Bxf4 Na5 12. c3 Qb6 13. Bxd5 Bf5 14. Ne5 Be6 15. Bxe6 1/2-1/2

[Event "Monarch Assurance 09th"]
[Site "Port Erin"]
[Date "2000.10.18"]
[Round "5"]
[White "Ward, Christopher"]
[Black "Peters, Stephen G"]
[Result "1-0"]
[WhiteElo "2508"]
[BlackElo "2157"]
[PlyCount "63"]
[EventDate "2000.10.14"]
[EventType "swiss"]
[EventRounds "9"]
[EventCountry "IOM"]
[SourceTitle "CBM 078 Extra"]
[Source "ChessBase"]
[SourceDate "2000.11.10"]
[SourceVersion "1"]
[SourceVersionDate "2000.11.10"]
[SourceQuality "1"]

1. d4 Nf6 2. c4 g6 3. Nc3 Bg7 4. e4 d6 5. f3 0-0 6. Nge2 e5 7. Be3 c6 8. Qd2 Nbd7 9. 0-0-0 a6 10. Kb1 b5 11. d5 cxd5 12. Nxd5 Nxd5 13. Qxd5 Rb8 14. cxb5 Nb6 15. Qxd6 Qxd6 16. Rxd6 Nc4 17. Rd3 Rxb5 18. Bc1 Be6 19. b3 Rfb8 20. Nc3 Ra5 21. Be2 Bf8 22. Rhd1 Be7 23. Nd5 Na3+ 24. Bxa3 Bxa3 25. Nc7 Rb6 26. Nxe6 Rxe6 27. Rd7 Rc5 28. Bc4 Rf6 29. Ra7 Rcc6 30. Rdd7 Bc5 31. Bxf7+ Rxf7 32. Rxf7 1-0

[Event "Monarch Assurance 08th"]
[Site "Port Erin"]
[Date "1999.11.11"]
[Round "6"]
[White "Ryan, Joseph"]
[Black "Peters, Stephen G"]
[Result "1-0"]
[WhiteElo "2280"]
[BlackElo "2158"]
[PlyCount "159"]
[EventDate "1999.11.06"]
[EventType "swiss"]
[EventRounds "9"]
[EventCountry "IOM"]
[SourceTitle "CBM 074"]
[Source "ChessBase"]
[SourceDate "2000.02.01"]
[SourceVersion "1"]
[SourceVersionDate "2000.02.01"]
[SourceQuality "1"]

1. e4 e6 2. d4 d5 3. Nc3 Bb4 4. e5 c5 5. a3 Bxc3+ 6. bxc3 Qc7 7. Nf3 Ne7 8. a4 b6 9. Bb5+ Bd7 10. Bd3 Nbc6 11. 0-0 h6 12. Ba3 Na5 13. Nd2 Nb7 14. Qg4 g6 15. Qh4 Nf5 16. Bxf5 gxf5 17. Nf3 Qd8 18. Qh5 Qe7 19. Bc1 0-0-0 20. Bf4 Rdg8 21. Bg3 Qf8 22. h3 Qg7 23. Qh4 Qf8 24. Qf4 Rg6 25. Nh4 Rg5 26. Nf3 Rg6 27. Nd2 c4 28. Rfb1 Na5 29. Nf1 Rhg8 30. Ne3 Kb7 31. Rb4 Ka6 32. Bh4 Qg7 33. g3 h5 34. Ng2 Qh6 35. Qf3 Rh8 36. Nf4 Rgg8 37. Bf6 Rh7 38. h4 Rg4 39. Kh2 Kb7 40. Bg5 Rxg5 41. hxg5 Qxg5 42. Ng2 Qg4 43. Nh4 Nb3 44. cxb3 a5 45. Rb5 Bxb5 46. axb5 cxb3 47. Qxg4 hxg4 48. Ra3 f4 49. Rxb3 f3 50. Kg1 Rh8 51. Kf1 Ra8 52. Ke1 a4 53. Ra3 Ra5 54. Kd2 Rxb5 55. Rxa4 Ra5 56. Rb4 Kc6 57. Rb2 Ra1 58. Ke3 Ra8 59. Kf4 Rg8 60. Rb3 b5 61. Ra3 Kb6 62. Nxf3 gxf3 63. Kxf3 Kb7 64. Kf4 Kb6 65. g4 Kb7 66. Kg3 Kb6 67. f4 Kb7 68. Kf3 Rh8 69. Kg3 Rg8 70. Kf3 Rh8 71. f5 exf5 72. gxf5 Rh4 73. Ke3 Re4+ 74. Kf3 Rh4 75. f6 Kb6 76. Ra8 Rh3+ 77. Kf4 Rxc3 78. e6 Rc6 79. e7 Rxf6+ 80. Kg5 1-0

[Event "Monarch Assurance 08th"]
[Site "Port Erin"]
[Date "1999.11.08"]
[Round "3"]
[White "Peters, Stephen G"]
[Black "Thiruchelvam, Murugan"]
[Result "1/2-1/2"]
[WhiteElo "2158"]
[BlackElo "2020"]
[PlyCount "151"]
[EventDate "1999.11.06"]
[EventType "swiss"]
[EventRounds "9"]
[EventCountry "IOM"]
[SourceTitle "CBM 074"]
[Source "ChessBase"]
[SourceDate "2000.02.01"]
[SourceVersion "1"]
[SourceVersionDate "2000.02.01"]
[SourceQuality "1"]

1. d4 Nf6 2. c4 e6 3. Nc3 d5 4. Bg5 Be7 5. cxd5 exd5 6. e3 c6 7. Bd3 Nbd7 8. Qc2 Nh5 9. Bxe7 Qxe7 10. Nge2 g6 11. 0-0 Nb6 12. Rae1 Be6 13. Kh1 0-0 14. Ng1 Ng7 15. f3 Qd7 16. Qf2 Rad8 17. Nge2 Nf5 18. g4 Nd6 19. Nf4 f5 20. g5 Rde8 21. h4 Qg7 22. Qh2 Nf7 23. Re2 Nd8 24. Nd1 Bc8 25. Nf2 Ne6 26. N2h3 Re7 27. Nxe6 Bxe6 28. Nf4 Rfe8 29. Qg1 Bc8 30. b3 Na8 31. Bb1 Nc7 32. Nd3 Ne6 33. Ree1 Nf8 34. b4 Nd7 35. Re2 Re6 36. Nf4 R6e7 37. Nd3 Re6 38. Nf4 R6e7 39. Bc2 Nb6 40. Bb3 Kh8 41. Rc1 Nd7 42. a3 Nf8 43. b5 Ne6 44. Nxe6 Rxe6 45. bxc6 bxc6 46. Rc3 Qe7 47. Qc1 Ba6 48. Re1 Bb7 49. f4 Re4 50. Kg2 Rxf4 51. exf4 Qxe1 52. Qxe1 Rxe1 53. Ba4 Re6 54. Rb3 Re7 55. Rc3 Rc7 56. Rc5 Kg7 57. Ra5 Ba8 58. Rc5 Kf7 59. Bb3 Rb7 60. Ba4 Rb6 61. Bc2 Ke7 62. Kf3 Kd6 63. Ke3 Rb7 64. Kd2 Re7 65. Ra5 Rd7 66. Kc3 Rb7 67. Kd2 Kc7 68. Rc5 Kb6 69. a4 a5 70. Rc3 Re7 71. Rb3+ Kc7 72. Re3 Rxe3 73. Kxe3 Kb6 74. Kd3 c5 75. Kc3 Bc6 76. Bd1 1/2-1/2

[Event "Herts Congress 26th"]
[Site "Hichin"]
[Date "1999.??.??"]
[Round "1"]
[White "Trent, Lawrence"]
[Black "Peters, Stephen G"]
[Result "1-0"]
[WhiteElo "2139"]
[BlackElo "2158"]
[PlyCount "91"]
[EventDate "1999.12.04"]
[EventType "swiss"]
[EventRounds "5"]
[EventCountry "ENG"]
[SourceTitle "EXT 2002"]
[Source "ChessBase"]
[SourceDate "2001.11.25"]
[SourceVersion "1"]
[SourceVersionDate "2001.11.25"]
[SourceQuality "1"]

1. e4 c5 2. Nc3 Nc6 3. f4 e6 4. Nf3 Nge7 5. Bb5 a6 6. Bxc6 Nxc6 7. 0-0 Be7 8. d3 d5 9. Qe1 Nd4 10. Qf2 dxe4 11. dxe4 b5 12. Be3 Nxf3+ 13. gxf3 Qc7 14. Rae1 Bb7 15. Qg2 0-0 16. Kh1 f5 17. Rg1 Rf7 18. e5 Qc6 19. Ref1 Kh8 20. Qh3 Rg8 21. Rg3 g6 22. Ne2 Qd5 23. Rfg1 Rfg7 24. b3 Qd8 25. Qh6 Qa8 26. Qh3 h5 27. Rf1 h4 28. Rg2 Rh7 29. Ng1 Bc6 30. Rd1 Qb7 31. Rgd2 Rh5 32. Rd3 Kh7 33. Qf1 Rg7 34. h3 g5 35. fxg5 Bxg5 36. Bxc5 Bf4 37. Bd4 Rg3 38. c4 Rhg5 39. a3 Rg6 40. a4 bxa4 41. bxa4 Rg8 42. Rb1 Qg7 43. Ne2 Qh6 44. Nxg3 hxg3 45. Kg2 Rg5 46. Qe2 1-0

[Event "Jersey op"]
[Site "St Helier"]
[Date "1998.??.??"]
[Round "2"]
[White "Kitchlew, Andrew"]
[Black "Peters, Stephen G"]
[Result "0-1"]
[WhiteElo "2065"]
[BlackElo "2155"]
[PlyCount "145"]
[EventDate "1998.??.??"]
[EventType "swiss"]
[EventRounds "7"]
[EventCountry "JCI"]
[SourceTitle "EXT 1999"]
[Source "ChessBase"]
[SourceDate "1998.11.16"]
[SourceVersion "1"]
[SourceVersionDate "1998.11.16"]
[SourceQuality "1"]

1. e4 c5 2. Nf3 d6 3. d4 cxd4 4. Qxd4 Nc6 5. Qd2 g6 6. c3 Nf6 7. Qc2 Bg7 8. Bb5 Bd7 9. 0-0 0-0 10. Bxc6 Bxc6 11. Re1 b5 12. Nd4 Qb6 13. Nxc6 Qxc6 14. Nd2 b4 15. c4 Rfc8 16. Qd3 Ng4 17. a3 Ne5 18. Qb3 bxa3 19. Qxa3 Nxc4 20. Nxc4 Qxc4 21. Bg5 Qc7 22. Rec1 Qb7 23. Rxc8+ Rxc8 24. Qxa7 Qxb2 25. Rf1 Bf6 26. Qd7 Ra8 27. Bh6 Bd4 28. g3 Bf6 29. Rc1 Qb8 30. Kg2 Qe8 31. Qb7 Rb8 32. Qc7 Qd8 33. Qa7 Rc8 34. Rb1 d5 35. Rd1 d4 36. h4 Qc7 37. Qa6 Qc6 38. Qe2 e5 39. Qg4 Rd8 40. Rc1 Qd7 41. Qf3 Bg7 42. Bg5 Rc8 43. Rd1 Qe6 44. Ra1 h6 45. Bd2 Bf8 46. Qd3 Qc6 47. Rc1 Qe6 48. Ra1 Kg7 49. f4 Qc4 50. Qxc4 Rxc4 51. Ra2 Bd6 52. Kf3 h5 53. Ra6 Bc7 54. f5 Bd8 55. Rd6 Be7 56. Rd5 Bf6 57. Rd6 Ra4 58. fxg6 Ra3+ 59. Kf2 fxg6 60. Bg5 Bxg5 61. hxg5 Re3 62. Rd7+ Kf8 63. Rd6 Rxe4 64. Rxg6 Rg4 65. Rf6+ Ke7 66. Rf5 Ke6 67. Rf6+ Kd5 68. g6 d3 69. Ra6 e4 70. Ra5+ Kd4 71. Ra4+ Kc3 72. Ra3+ Kb2 73. Ra6 0-1

[Event "Hitchin op"]
[Site "Hitchin"]
[Date "1998.??.??"]
[Round "?"]
[White "Peters, Stephen G"]
[Black "James, Russell A"]
[Result "1-0"]
[WhiteElo "2155"]
[BlackElo "2110"]
[PlyCount "80"]
[EventDate "1998.??.??"]
[EventType "swiss"]
[EventRounds "5"]
[EventCountry "ENG"]
[SourceTitle "EXT 2002"]
[Source "ChessBase"]
[SourceDate "2001.11.25"]
[SourceVersion "1"]
[SourceVersionDate "2001.11.25"]
[SourceQuality "1"]

1. d4 Nf6 2. c4 e6 3. Nc3 Bb4 4. e3 b6 5. a3 Bxc3+ 6. bxc3 Bb7 7. f3 d6 8. Bd3 c5 9. Ne2 Nc6 10. e4 Qd7 11. 0-0 0-0-0 12. Be3 Na5 13. Qc2 Ba6 14. Rfd1 Qc7 15. Qa2 Nd7 16. Rac1 Qc6 17. a4 e5 18. d5 Qc7 19. Rb1 h6 20. Nc1 Nf6 21. Qe2 Qd7 22. Nb3 Nxb3 23. Rxb3 Qxa4 24. Rbb1 Qd7 25. Qa2 Bb7 26. Qxa7 Qc7 27. Rxb6 Nd7 28. Rb2 Qb8 29. Qa4 Nf6 30. Rdb1 Rd7 31. Rxb7 Qxb7 32. Rxb7 Kxb7 33. Qc6+ Kb8 34. Bc2 Rhd8 35. Ba4 Rb7 36. Bb5 Ne8 37. Ba6 Rb1+ 38. Kf2 Nc7 39. Bb5 Na8 40. Qa6 Rc8 1-0

[Event "Jersey op"]
[Site "St Helier"]
[Date "1998.??.??"]
[Round "5"]
[White "Russ, Colin"]
[Black "Peters, Stephen G"]
[Result "1/2-1/2"]
[WhiteElo "2005"]
[BlackElo "2155"]
[PlyCount "81"]
[EventDate "1998.??.??"]
[EventType "swiss"]
[EventRounds "7"]
[EventCountry "JCI"]
[SourceTitle "EXT 1999"]
[Source "ChessBase"]
[SourceDate "1998.11.16"]
[SourceVersion "1"]
[SourceVersionDate "1998.11.16"]
[SourceQuality "1"]

1. Nf3 Nf6 2. d4 g6 3. c4 Bg7 4. Nc3 0-0 5. e4 d6 6. h3 e5 7. d5 Nbd7 8. Be3 Nc5 9. Bxc5 dxc5 10. Qc2 Ne8 11. g4 f5 12. gxf5 gxf5 13. Nd2 Nd6 14. 0-0-0 Qh4 15. Bd3 a6 16. Kb1 Rb8 17. a4 Bd7 18. Rde1 b5 19. axb5 axb5 20. cxb5 Bxb5 21. Nxb5 Nxb5 22. Bxb5 Rxb5 23. d6 Kh8 24. dxc7 Qe7 25. Rhg1 Qxc7 26. Rg3 Ra8 27. Reg1 Qa7 28. Kc1 Bh6 29. Rg8+ Rxg8 30. Rxg8+ Kxg8 31. Qc4+ Kg7 32. Qxb5 fxe4 33. Kc2 Bxd2 34. Kxd2 Qe7 35. Ke3 Qg5+ 36. Kxe4 Qf4+ 37. Kd5 Qxf2 38. Kxe5 Qe3+ 39. Kd6 Qxh3 40. Qxc5 Qh6+ 41. Kd7 1/2-1/2

[Event "Jersey op"]
[Site "St Helier"]
[Date "1998.??.??"]
[Round "3"]
[White "Ward, Christopher"]
[Black "Peters, Stephen G"]
[Result "1-0"]
[WhiteElo "2480"]
[BlackElo "2155"]
[PlyCount "135"]
[EventDate "1998.??.??"]
[EventType "swiss"]
[EventRounds "7"]
[EventCountry "JCI"]
[SourceTitle "EXT 1999"]
[Source "ChessBase"]
[SourceDate "1998.11.16"]
[SourceVersion "1"]
[SourceVersionDate "1998.11.16"]
[SourceQuality "1"]

1. d4 Nf6 2. c4 g6 3. f3 c5 4. d5 d6 5. e4 Bg7 6. Nc3 0-0 7. Nge2 Na6 8. Ng3 Nc7 9. Be2 Rb8 10. a4 b6 11. Rb1 Bd7 12. Bd2 a6 13. b4 cxb4 14. Rxb4 a5 15. Rb1 Na6 16. 0-0 Ne8 17. Nb5 Nec7 18. Qc2 Qc8 19. Kh1 Nxb5 20. axb5 Nc5 21. Bc3 f5 22. Bxg7 Kxg7 23. Qc3+ Kg8 24. e5 f4 25. Ne4 Nxe4 26. fxe4 Bg4 27. Bf3 Bxf3 28. gxf3 Qc7 29. e6 Rbc8 30. Rbc1 Qc5 31. Kg2 Rc7 32. Rfe1 Rcc8 33. Re2 Rf6 34. Ree1 h6 35. Rc2 Kh7 36. Qd3 Rff8 37. h4 Rf6 38. Kh2 Rg8 39. Rg1 Kh8 40. Rcg2 h5 41. Re1 Qb4 42. Ree2 Kh7 43. e5 dxe5 44. Rxe5 Kh6 45. Qd4 Qd6 46. Rge2 Kh7 47. Qe4 Kh6 48. Qd4 Kh7 49. Rg5 Kh6 50. Qg1 Rg7 51. c5 bxc5 52. Rc2 Rf8 53. Qxc5 Qxc5 54. Rxc5 Rb8 55. Rg2 Rgg8 56. Ra2 g5 57. hxg5+ Rxg5 58. Rxa5 Rg3 59. Ra3 Kg6 60. Rb3 Kf6 61. b6 Rbg8 62. Rc2 R8g4 63. fxg4 Rxb3 64. g5+ Kf5 65. Rc7 Rxb6 66. Rxe7 Kg4 67. Rf7 Rb2+ 68. Kg1 1-0

[Event "Paignton op 47th"]
[Site "Paignton"]
[Date "1997.??.??"]
[Round "?"]
[White "Peters, Stephen G"]
[Black "Lane, Gary William"]
[Result "0-1"]
[WhiteElo "2215"]
[BlackElo "2410"]
[PlyCount "73"]
[EventDate "1997.??.??"]
[EventType "swiss"]
[EventRounds "5"]
[EventCountry "ENG"]
[SourceTitle "EXT 2002"]
[Source "ChessBase"]
[SourceDate "2001.11.25"]
[SourceVersion "1"]
[SourceVersionDate "2001.11.25"]
[SourceQuality "1"]

1. d4 Nf6 2. c4 g6 3. Nc3 Bg7 4. e4 d6 5. Nf3 0-0 6. Be2 Nbd7 7. 0-0 e5 8. Re1 c6 9. Bf1 Re8 10. d5 c5 11. a3 Ng4 12. b4 b6 13. Re2 f5 14. Ng5 Ndf6 15. f3 Nh6 16. Rb1 Nh5 17. Ne6 Bxe6 18. dxe6 Rxe6 19. bxc5 dxc5 20. Rd2 Qf8 21. Nb5 Re7 22. g3 Nf6 23. Nd6 Rd7 24. Rb3 fxe4 25. Bh3 Rdd8 26. fxe4 Nhg4 27. Bxg4 Nxg4 28. Qxg4 Rxd6 29. Rbd3 Rad8 30. Qd1 Rd4 31. Bb2 Bh6 32. Bxd4 Bxd2 33. Rxd2 cxd4 34. Qb3 Qc5 35. Qf3 Qxc4 36. Kg2 Rf8 37. Qg4 0-1